000 00879nam a22002177a 4500
005 20130110115252.0
008 130110t xxu||||| |||| 00| 0 eng d
010 _aENG-106533
020 _a9788121512329
_c750.00
035 _aEN-90066
037 _bDBAD/PUB
082 _a232
100 _aPandit, Moti Lal
_954708
245 _aThe philosophical and practical aspects of Kasmira Saivism :
_cby Moti Lal pandit
_ba study of Trika thought and practice /
260 _aNew Delhi
_bMunshiram Manoharlal Publishers
_c2012
270 _aPost box 5715, 54, Rani Jhansi Road
_bNew Delhi
_cDelhi
_e110055
300 _axii, 276p.
_c22 cm(Hb)
500 _aIncludes bibliographical references and index
942 _adpl
_cEN
_k232 / PAN
_2ddc
_h232
_mPAN
999 _c72795
_d72795